| 000 | 00769nam a2200241Ia 4500 | ||
|---|---|---|---|
| 005 | 20220202180007.0 | ||
| 008 | 210716s2013 xx 000 0 und d | ||
| 020 | _a9788120346260 | ||
| 040 | _cAIMIT LIBRARY | ||
| 041 | _aeng | ||
| 082 |
_a657.48 _24 _bGOYV |
||
| 100 |
_aGoyal, V K. _915997 |
||
| 245 |
_aFinancial accounting / _cBy V. K. Goyal and Ruchi Goyal. |
||
| 250 |
_a4th ed. _bEastern Economy Edition |
||
| 260 |
_aNew Delhi : _bPHI Learning Pvt Ltd , _c2013. |
||
| 300 |
_axii, 669p ; _c23.4 cm. |
||
| 650 |
_aFinancial Accounting _915998 |
||
| 650 |
_aAccounting Process _915999 |
||
| 650 |
_aSubsidiary Books of Business _916000 |
||
| 650 |
_aTrial Balance and Errors _916001 |
||
| 700 |
_aGoyal, Ruchi. _916002 |
||
| 942 |
_2ddc _cBK _e4th _k657.48 GOYV |
||
| 999 |
_c209877 _d209877 |
||